MARC details
| 000 -CABECERA |
| campo de control de longitud fija |
02051nam a22003497i 4500 |
| 003 - IDENTIFICADOR DEL NÚMERO DE CONTROL |
| campo de control |
DO-SdBNP |
| 005 - FECHA Y HORA DE LA ÚLTIMA TRANSACCIÓN |
| campo de control |
20230628092110.0 |
| 007 - CAMPO FIJO DE DESCRIPCIÓN FÍSICA--INFORMACIÓN GENERAL |
| campo de control de longitud fija |
ta |
| 008 - DATOS DE LONGITUD FIJA--INFORMACIÓN GENERAL |
| campo de control de longitud fija |
211125b2019 a|||e |||| 001 0 spa d |
| 040 ## - FUENTE DE LA CATALOGACIÓN |
| Centro catalogador/agencia de origen |
DO-SdBNP |
| Lengua de catalogación |
spa |
| Centro/agencia transcriptor |
BNPHU |
| Normas de descripción |
rda |
| 082 4# - NÚMERO DE LA CLASIFICACIÓN DECIMAL DEWEY |
| Número de clasificación |
343.0946 |
| Número de documento/Ítem |
I597m |
| Número de edición |
22 |
| 110 10 - ENTRADA PRINCIPAL--NOMBRE DE ENTIDAD CORPORATIVA |
| Nombre de entidad corporativa o nombre de jurisdicción como elemento de entrada |
Instituto Universitario de Tráfico y Seguridad Vial de la Universidad de Valencia |
| 9 (RLIN) |
78744 |
| 245 10 - MENCIÓN DE TÍTULO |
| Título |
Manual de conducción y seguridad vial : |
| Resto del título |
licencia categoría 03 y 04, conocimientos específicos para la conducción profesional de vehículos pesados |
| 264 ## - PRODUCCIÓN, PUBLICACIÓN, DISTRIBUCIÓN, FABRICACIÓN Y COPYRIGHT |
| Producción, publicación, distribución, fabricación y copyright |
[Santo Domingo] : |
| Nombre del de productor, editor, distribuidor, fabricante |
INTRANT, |
| Fecha de producción, publicación, distribución, fabricación o copyright |
2019. |
| 300 ## - DESCRIPCIÓN FÍSICA |
| Extensión |
83 paginas : |
| Otras características físicas |
ilustraciones. ; |
| Dimensiones |
21 cm |
| 336 ## - TIPO DE CONTENIDO |
| Fuente |
rdacontent |
| Término de tipo de contenido |
texto |
| Código de tipo de contenido |
txt |
| 337 ## - TIPO DE MEDIO |
| Fuente |
rdamedia |
| Nombre/término del tipo de medio |
sin mediación |
| Código del tipo de medio |
n |
| 338 ## - TIPO DE SOPORTE |
| Fuente |
rdacarrier |
| Nombre/término del tipo de soporte |
volumen |
| Código del tipo de soporte |
nc |
| 505 ## - NOTA DE CONTENIDO CON FORMATO |
| Nota de contenido con formato |
Parte 1. Requisitos para la conducción profesional de vehículos pesados. |
| Título |
1.1. Requisitos previos -- |
| -- |
1.2. Vehículo que autoriza a conducir la categoría 03 y 04 de licencias para la conducción -- |
| -- |
1.3. La licencia de conducir de categoría 03 y 04 -- |
| 505 ## - NOTA DE CONTENIDO CON FORMATO |
| Nota de contenido con formato |
Parte 2. El vehículo. |
| Título |
2.1. Estructura del vehículo -- |
| -- |
2.2 Competentes del vehículo -- |
| -- |
2.3. Elementos de seguridad -- |
| 505 ## - NOTA DE CONTENIDO CON FORMATO |
| Nota de contenido con formato |
Parte 3. La conducción. |
| Título |
3.1. Manejo básico del vehículo -- |
| -- |
3.2. Situación especiales -- |
| -- |
3.3 Técnicas de conducción -- |
| 505 ## - NOTA DE CONTENIDO CON FORMATO |
| Nota de contenido con formato |
Parte 4. Reglas de conducción específicas : infracciónes y sanciones. |
| Título |
4.1. Alcoholemia -- |
| -- |
4.2. Velocidad -- |
| -- |
4.3. Distancia de seguimiento -- |
| -- |
4.5. Giros -- |
| -- |
4.6.Circulación -- |
| -- |
4.7. Especificaciones del transporte de pasajeros y carga -- |
| 590 ## - NOTA LOCAL (RLIN) |
| Nota local |
Inventariado, 2021 / SA |
| 650 4# - PUNTO DE ACCESO ADICIONAL DE MATERIA--TÉRMINO DE MATERIA |
| Término de materia o nombre geográfico como elemento de entrada |
Seguridad del tránsito |
| Subdivisión de forma |
Manuales |
| Subdivisión geográfica |
República Dominicana. |
| 9 (RLIN) |
80739 |
| 650 4# - PUNTO DE ACCESO ADICIONAL DE MATERIA--TÉRMINO DE MATERIA |
| Término de materia o nombre geográfico como elemento de entrada |
Conducción |
| Subdivisión general |
Vehículos pesados |
| 9 (RLIN) |
80756 |
| 650 4# - PUNTO DE ACCESO ADICIONAL DE MATERIA--TÉRMINO DE MATERIA |
| Término de materia o nombre geográfico como elemento de entrada |
Seguridad vial |
| Subdivisión general |
Enseñanza. |
| 9 (RLIN) |
80740 |
| 650 4# - PUNTO DE ACCESO ADICIONAL DE MATERIA--TÉRMINO DE MATERIA |
| Término de materia o nombre geográfico como elemento de entrada |
Conducción de automóviles |
| Subdivisión general |
Manuales |
| 9 (RLIN) |
35961 |
| 650 4# - PUNTO DE ACCESO ADICIONAL DE MATERIA--TÉRMINO DE MATERIA |
| Término de materia o nombre geográfico como elemento de entrada |
Reglamentos de tránsito |
| Subdivisión geográfica |
República Dominicana |
| 9 (RLIN) |
77295 |
| 700 1# - PUNTO DE ACCESO ADICIONAL--NOMBRE DE PERSONA |
| Nombre de persona |
Velarte, Jose Luis |
| Término indicativo de función/relación |
Colaborador |
| 9 (RLIN) |
80755 |
| 910 ## - DATOS DE OPCIÓN DEL USUARIO (OCLC) |
| Datos de opción del usuario |
Saquino |
| 942 ## - ELEMENTOS DE PUNTO DE ACCESO ADICIONAL (KOHA) |
| Fuente del sistema de clasificación o colocación |
Dewey Decimal Classification |
| Tipo de ítem Koha |
Libro |